000 00377nam a2200145Ia 4500
999 _c14187
_d14187
003 OSt
005 20260326194846.0
008 260210s9999 xx 000 0 und d
020 _a9787560990743
082 _a720.47
100 _a HUANG YING
245 0 _aNature as Teacher : Building biomimetic design
260 _b ‎ Huazhong University Press
_c2013
942 _cBPLAN
_2ddc